Introducción a los mercados de futuros y opciones./ (Registro nro. 7866)
[ vista simple ]
| 000 -LEADER | |
|---|---|
| fixed length control field | 01739nam a2200217Ia 4500 |
| 005 - FECHA Y HORA DE LA ÚLTIMA TRANSACCIÓN | |
| control field | 20250622113520.0 |
| 008 - FIXED-LENGTH DATA ELEMENTS--GENERAL INFORMATION | |
| fixed length control field | 230418s9999 xx 000 0 und d |
| 020 ## - INTERNATIONAL STANDARD BOOK NUMBER | |
| International Standard Book Number | 978-607-442-100-2 |
| 040 ## - CATALOGING SOURCE | |
| Original cataloging agency | UPAN |
| Transcribing agency | Biblioteca San Vicente |
| Description conventions | RCAA2 |
| 041 ## - LANGUAGE CODE | |
| Language code of text/sound track or separate title | spa |
| 082 ## - DEWEY DECIMAL CLASSIFICATION NUMBER | |
| Classification number | 332.6 |
| Item number | H855i |
| año de publicación | 2009 |
| 100 ## - MAIN ENTRY--PERSONAL NAME | |
| Personal name | Hull, John C. |
| Relator code | aut. |
| 245 #0 - TITLE STATEMENT | |
| Title | Introducción a los mercados de futuros y opciones./ |
| Statement of responsibility, etc | Jonh C. Hull |
| 250 ## - EDITION STATEMENT | |
| Edition statement | 6ª ed. |
| 260 ## - PUBLICATION, DISTRIBUTION, ETC. (IMPRINT) | |
| Place of publication, distribution, etc | México: |
| Name of publisher, distributor, etc | Pearson Educación, |
| Date of publication, distribution, etc | 2009 |
| 300 ## - PHYSICAL DESCRIPTION | |
| Extent | 561 p.; |
| Dimensions | 26 cm. |
| 505 ## - FORMATTED CONTENTS NOTE | |
| Formatted contents note | Capitulo 1: Introducción<br/>Capitulo 2: Mecánica de los mercados de futuros<br/>Capitulo 3: Estrategias de cobertura con contratos de futuros<br/>Capitulo 4: Tasas de interés<br/>Capitulo 5: Determinación de precios a plazos y de futuros<br/>Capitulo 6: Futuros sobre tasas de interés<br/>Capitulo 7: Swaps<br/>Capitulo 8: Mecánica de los mercados <br/>Capitulo 9: Propiedades de las opciones sobre acciones<br/>Capitulo 10: Estrategias de negociación que incluyen opciones<br/>Capitulo 11: Introducción a los arboles binomiales<br/>Capitulo 12: Valuación de opciones sobre acciones: modelo Black-Scholes<br/>Capitulo 13: Opciones sobre índices bursátiles y divisas<br/>Capitulo 14: Opciones sobre futuros<br/>Capitulo 15: Las letras griegas<br/>Capitulo 16: Arboles binomiales en la practica<br/>Capitulo 17: Sonrisas de volatidad<br/>Capitulo 18: Valor en riesgo<br/>Capitulo 19: Opciones sobre tasas de interés<br/>Capitulo 20:Opciones exóticas y otros productos no estándar<br/>Capitulo 21: Derivados de crédito<br/>Capitulo 22: Derivados del clima, energía y seguros<br/>Capitulo 23: Errores en el uso de derivados y lo que nos enseñan.<br/><br/> |
| 650 ## - SUBJECT ADDED ENTRY--TOPICAL TERM | |
| Source of heading or term | LEMB |
| General subdivision | Mercado de futuros |
| 700 ## - ADDED ENTRY--PERSONAL NAME | |
| Personal name | Sánchez Carrión, Miguel Àngel |
| Relator code | tr. |
| 942 ## - ADDED ENTRY ELEMENTS (KOHA) | |
| Koha item type | Libros |
| Source of classification or shelving scheme | Dewey Decimal Classification |
| Withdrawn status | Lost status | Source of classification or shelving scheme | Damaged status | Not for loan | Collection code | Home library | Current library | Date acquired | Total Checkouts | Full call number | Barcode | Date last seen | Price effective from | Koha item type | Copy number |
|---|---|---|---|---|---|---|---|---|---|---|---|---|---|---|---|
| Dewey Decimal Classification | Colección General | Biblioteca UPAN San Vicente | Biblioteca UPAN San Vicente | 18/04/2023 | 332.6 H855i | 12003266 | 18/04/2023 | 18/04/2023 | Libros | ||||||
| Dewey Decimal Classification | Colección General | Biblioteca UPAN San Vicente | Biblioteca UPAN San Vicente | 25/04/2023 | 332.6 H855i | 12003264 | 25/04/2023 | 25/04/2023 | Libros | 01 | |||||
| Dewey Decimal Classification | Colección General | Biblioteca UPAN San Vicente | Biblioteca UPAN San Vicente | 25/04/2023 | 332.6 H855i | 12003265 | 25/04/2023 | 25/04/2023 | Libros | 02 |